Statistieken voor Nederlandse Gemeenten 2023

Klik hier om de quiz te nemen!

Algemene statistieken

  • Deze quiz is 329 keer genomen
  • De gemiddelde score is 167 van 355

Antwoorden op de kaart

Antwoorden kleurgecodeerd door een groen-rode schaal op de quizkaart volgens % correct hieronder.
 

Antwoordstatistieken

Antwoord% Correct
Arnhem
84%
Maastricht
82%
Urk
81%
Groningen
80%
Lelystad
80%
Almere
79%
Texel
79%
Ameland
78%
Bergen
78%
Schiermonnikoog
78%
's-Hertogenbosch
78%
Vlieland
78%
Amsterdam
76%
Apeldoorn
76%
Eindhoven
76%
Enschede
76%
Leeuwarden
76%
Rotterdam
76%
's-Gravenhage
76%
Assen
75%
Terschelling
75%
Zwolle
75%
Breda
74%
Utrecht
74%
Venlo
74%
Vlissingen
74%
Amersfoort
73%
Haarlem
73%
Middelburg
73%
Nijmegen
73%
Tilburg
73%
Almelo
72%
Den Helder
72%
Emmen
71%
Hengelo
71%
Leiden
71%
Dronten
69%
Alkmaar
68%
Delft
68%
Ede
68%
Noordoostpolder
68%
Bergen op Zoom
67%
Enkhuizen
67%
Goes
67%
Valkenburg aan de
Geul
67%
Dordrecht
66%
Gouda
66%
Heerlen
66%
Hilversum
66%
Roermond
66%
Roosendaal
66%
Harlingen
65%
Heerenveen
65%
Terneuzen
65%
Venray
65%
Weert
65%
Zeewolde
65%
Harderwijk
64%
Katwijk
64%
Oss
64%
Haarlemmermeer
62%
Meppel
62%
Baarle-Nassau
61%
Hoorn
61%
Vaals
61%
Amstelveen
60%
Deventer
60%
Epe
60%
Kampen
60%
Kerkrade
60%
Súdwest-Fryslân
60%
Noordwijk
59%
Schiedam
59%
Sittard-Geleen
58%
Gorinchem
56%
Hoogeveen
56%
Kapelle
56%
Wageningen
56%
Zandvoort
56%
Zoetermeer
56%
Zutphen
56%
Bloemendaal
55%
Doetinchem
55%
Ermelo
55%
Nunspeet
55%
Stadskanaal
55%
Barneveld
54%
Duiven
54%
Purmerend
54%
Velsen
54%
Westland
54%
Zaanstad
54%
Beverwijk
53%
Blaricum
53%
Rozendaal
53%
Schouwen-Duiveland
53%
Tholen
53%
Veenendaal
53%
Vlaardingen
53%
Winterswijk
53%
Alphen aan den Rijn
52%
Castricum
52%
Diemen
52%
Goeree-Overflakkee
52%
Huizen
52%
Hulst
52%
Laren
52%
Nijkerk
52%
Noardeast-Fryslân
52%
Putten
52%
Veendam
52%
Aa en Hunze
51%
Barendrecht
51%
Elburg
51%
Gooise Meren
51%
Hardenberg
51%
Hollands Kroon
51%
Ommen
51%
Soest
51%
Utrechtse Heuvelrug
51%
Woerden
51%
Coevorden
49%
Midden-Drenthe
49%
Midden-Groningen
49%
Nederweert
49%
Nieuwegein
49%
Sluis
49%
Zeist
49%
Beek
48%
Schagen
48%
Staphorst
48%
Tiel
48%
Waalwijk
48%
Wassenaar
48%
Zwijndrecht
48%
Borsele
47%
Edam-Volendam
47%
Het Hogeland
47%
Leiderdorp
47%
Maassluis
47%
Raalte
47%
Sliedrecht
47%
Woensdrecht
47%
De Bilt
46%
De Fryske Marren
46%
Heemstede
46%
Helmond
46%
Noord-Beveland
46%
Oldenzaal
46%
Rhenen
46%
Veldhoven
46%
Aalsmeer
45%
Altena
45%
Asten
45%
Best
45%
Culemborg
45%
Heiloo
45%
Houten
45%
IJsselstein
45%
Medemblik
45%
Papendrecht
45%
Rijswijk
45%
Steenwijkerland
45%
West Betuwe
45%
Zevenaar
45%
Baarn
44%
Borne
44%
Eemnes
44%
Eijsden-Margraten
44%
Hattem
44%
Heemskerk
44%
Neder-Betuwe
44%
Twenterand
44%
Uithoorn
44%
Valkenswaard
44%
Veere
44%
Waterland
44%
Aalten
42%
Boxtel
42%
Echt-Susteren
42%
Hoeksche Waard
42%
Hof van Twente
42%
Lochem
42%
Overbetuwe
42%
Tubbergen
42%
Woudenberg
42%
Alblasserdam
41%
Beekdaelen
41%
Bunnik
41%
De Wolden
41%
Hellendoorn
41%
Hilvarenbeek
41%
Landgraaf
41%
Midden-Delfland
41%
Oisterwijk
41%
Oosterhout
41%
Ooststellingwerf
41%
Ridderkerk
41%
Roerdalen
41%
Scherpenzeel
41%
Tynaarlo
41%
Westerveld
41%
Wijchen
41%
Zwartewaterland
41%
Alphen-Chaam
40%
Berg en Dal
40%
Brunssum
40%
Bunschoten
40%
De Ronde Venen
40%
Leusden
40%
Lisse
40%
Lopik
40%
Oegstgeest
40%
Oldebroek
40%
Pekela
40%
Simpelveld
40%
Weststellingwerf
40%
Zaltbommel
40%
Zundert
40%
Beuningen
39%
Borger-Odoorn
39%
Dalfsen
39%
Doesburg
39%
Druten
39%
Etten-Leur
39%
Heerde
39%
Hendrik-Ido-Ambacht
39%
Krimpenerwaard
39%
Land van Cuijk
39%
Meerssen
39%
Moerdijk
39%
Molenlanden
39%
Olst-Wijhe
39%
Oostzaan
39%
Uitgeest
39%
Voorst
39%
Bronckhorst
38%
Capelle aan den
IJssel
38%
Dinkelland
38%
Hardinxveld-
Giessendam
38%
Horst aan de Maas
38%
Leidschendam-
Voorburg
38%
Losser
38%
Mook en Middelaar
38%
Peel en Maas
38%
Pijnacker-Nootdorp
38%
Renkum
38%
Rheden
38%
Stein
38%
Stichtse Vecht
38%
Voerendaal
38%
Waadhoeke
38%
Wijdemeren
38%
Achtkarspelen
36%
Dantumadiel
36%
Deurne
36%
Eersel
36%
Gilze en Rijen
36%
Goirle
36%
Gulpen-Wittem
36%
Hillegom
36%
Noordenveld
36%
Oirschot
36%
Oude IJsselstreek
36%
Ouder-Amstel
36%
Stede Broec
36%
Vijfheerenlanden
36%
Voorschoten
36%
Vught
36%
Westervoort
36%
Westerwolde
36%
Beesel
35%
Buren
35%
Eemsdelta
35%
Kaag en Braassem
35%
Landsmeer
35%
Maasgouw
35%
Oldambt
35%
Oost Gelre
35%
Reimerswaal
35%
Rucphen
35%
Someren
35%
Tytsjerksteradiel
35%
Waddinxveen
35%
Westerkwartier
35%
Wierden
35%
Zoeterwoude
35%
Albrandswaard
34%
Bladel
34%
Bodegraven-Reeuwijk
34%
Boekel
34%
Brummen
34%
Gennep
34%
Krimpen aan den
IJssel
34%
Lansingerland
34%
Montfoort
34%
Renswoude
34%
Son en Breugel
34%
Steenbergen
34%
West Maas en Waal
34%
Wormerland
34%
Bergeijk
33%
Heumen
33%
Leudal
33%
Maasdriel
33%
Nieuwkoop
33%
Nissewaard
33%
Rijssen-Holten
33%
Wijk bij Duurstede
33%
Berkelland
32%
Cranendonck
32%
Drechterland
32%
Geertruidenberg
32%
Haaksbergen
32%
Lingewaard
32%
Loon op Zand
32%
Drimmelen
31%
Haaren
31%
Heusden
31%
Montferland
31%
Opsterland
31%
Teylingen
31%
Bernheze
29%
Dijk en Waard
29%
Geldrop-Mierlo
29%
Voorne aan Zee
29%
Zuidplas
29%
Halderberge
28%
Koggenland
28%
Nuenen, Gerwen
en Nederwetten
28%
Oudewater
28%
Dongen
27%
Meierijstad
27%
Reusel-De Mierden
27%
Smallingerland
27%
Waalre
27%
Heeze-Leende
26%
Opmeer
26%
Sint-Michielsgestel
26%
Gemert-Bakel
25%
Maashorst
25%
Laarbeek
22%

Scoreverdeling

Percentiel versus Aantal Correcte Antwoorden

Procent van Mensen met Elke Score

Uw Scoregeschiedenis

U heeft deze quiz nog niet genomen